[Event "Pereira op"]
[Site "Pereira"]
[Date "2024.07.17"]
[Round "2"]
[White "Cano Alcaraz, Juan Jose"]
[Black "Perez Tangarife, Simon"]
[Result "1-0"]
[WhiteElo "1967"]
[BlackElo "1876"]
[PlyCount "47"]
[EventDate "2024.07.17"]
[EventType "swiss"]
[EventRounds "10"]
[EventCountry "COL"]
[SourceTitle "EXT 2025"]
[Source "ChessBase"]
[SourceDate "2024.10.14"]
[SourceVersion "1"]
[SourceVersionDate "2024.10.14"]
[SourceQuality "1"]

1. e4 e6 2. d4 d5 3. Nc3 Bb4 4. e5 c5 5. a3 Bxc3+ 6. bxc3 Ne7 7. h4 Bd7 8. a4 Qa5 9. Bd2 c4 10. h5 h6 11. Qg4 Nf5 12. Ne2 Nc6 13. Ng3 Nce7 14. Nxf5 Nxf5 15. Qf3 Bxa4 16. g4 Ne7 17. Bh3 Qb5 18. g5 hxg5 19. Bxg5 Bxc2 20. h6 Rxh6 21. Bxh6 Be4 22. Qh5 Bxh1 23. Bc1 Kf8 24. Qh8+ 1-0

[Event "American Continental Rapid 18th"]
[Site "Medellin"]
[Date "2024.06.01"]
[Round "3"]
[White "Perez Tangarife, Simon"]
[Black "Ramirez, Carlos"]
[Result "1-0"]
[WhiteElo "1825"]
[BlackElo "2166"]
[PlyCount "79"]
[EventDate "2024.06.01"]
[EventType "swiss (rapid)"]
[EventRounds "9"]
[EventCountry "COL"]
[SourceTitle "CBM 220 Extra"]
[Source "ChessBase"]
[SourceDate "2024.07.31"]
[SourceVersion "1"]
[SourceVersionDate "2024.07.31"]
[SourceQuality "1"]

1. c4 Nf6 2. Nc3 g6 3. e4 d6 4. d4 Bg7 5. Nf3 0-0 6. Be2 e5 7. 0-0 Nc6 8. dxe5 Nxe5 9. Nxe5 dxe5 10. Bg5 Qxd1 11. Raxd1 c6 12. Rd6 Be6 13. Rfd1 h6 14. Bh4 Rfc8 15. f3 g5 16. Bf2 Bf8 17. R6d2 Be7 18. Kh1 Bb4 19. Bg3 Nh5 20. Bxe5 f6 21. Bd4 c5 22. Be3 Bxc3 23. bxc3 b6 24. g3 Ng7 25. f4 Kf8 26. h4 gxh4 27. f5 Bf7 28. Bxh6 Kg8 29. gxh4 Kh7 30. Rd7 Kxh6 31. Rxf7 Rf8 32. Rdd7 Rxf7 33. Rxf7 Nh5 34. Bxh5 Kxh5 35. Rxf6 Kxh4 36. e5 Kg3 37. e6 Rd8 38. Rg6+ Kf2 39. Rg2+ Kf3 40. e7 1-0

[Event "American Continental Rapid 18th"]
[Site "Medellin"]
[Date "2024.06.01"]
[Round "2"]
[White "Ynojosa Aponte, Felix Jose"]
[Black "Perez Tangarife, Simon"]
[Result "1-0"]
[WhiteElo "2387"]
[BlackElo "1825"]
[PlyCount "57"]
[EventDate "2024.06.01"]
[EventType "swiss (rapid)"]
[EventRounds "9"]
[EventCountry "COL"]
[SourceTitle "CBM 220 Extra"]
[Source "ChessBase"]
[SourceDate "2024.07.31"]
[SourceVersion "1"]
[SourceVersionDate "2024.07.31"]
[SourceQuality "1"]

1. c4 e5 2. Nc3 Nf6 3. e3 d5 4. cxd5 Nxd5 5. Nf3 Nc6 6. Bb5 f6 7. d4 Nxc3 8. bxc3 exd4 9. Nxd4 Bd7 10. Rb1 Nxd4 11. cxd4 c6 12. Bd3 Qc7 13. Qh5+ Kd8 14. 0-0 Bd6 15. h3 Be6 16. e4 Bxa2 17. Ra1 Bf7 18. Qg4 Bg6 19. Rd1 Qd7 20. Qf3 Rf8 21. Qe2 Qe7 22. e5 Bb4 23. Bxg6 hxg6 24. d5 c5 25. e6 Re8 26. Bf4 Bc3 27. Ra3 Bd4 28. Qb5 g5 29. Qa5+ 1-0

[Event "American Continental Blitz 18th"]
[Site "Medellin"]
[Date "2024.05.29"]
[Round "8"]
[White "Garzon Camelo, Andres Santiago"]
[Black "Perez Tangarife, Simon"]
[Result "0-1"]
[WhiteElo "2099"]
[BlackElo "1755"]
[PlyCount "82"]
[EventDate "2024.05.29"]
[EventType "swiss (blitz)"]
[EventRounds "9"]
[EventCountry "COL"]
[SourceTitle "CBM 220 Extra"]
[Source "ChessBase"]
[SourceDate "2024.07.31"]
[SourceVersion "1"]
[SourceVersionDate "2024.07.31"]
[SourceQuality "1"]

1. e4 e6 2. d4 d5 3. Nd2 dxe4 4. Nxe4 Bd7 5. Nf3 Bc6 6. Ng3 Nf6 7. c3 g6 8. Bd3 Bg7 9. 0-0 0-0 10. Qe2 Nbd7 11. Bg5 h6 12. Bd2 Re8 13. Rad1 b6 14. Ne5 Nxe5 15. dxe5 Nd7 16. Bf4 Qe7 17. Be4 Bxe4 18. Qxe4 g5 19. Bc1 Nxe5 20. Nh5 Ng6 21. Qc6 Rad8 22. Be3 Ne5 23. Qa4 c5 24. h3 Ng6 25. Qc6 Rc8 26. Qa4 Rcd8 27. g3 f5 28. b4 cxb4 29. cxb4 Ne5 30. f4 Nc4 31. Bc1 Bd4+ 32. Kh2 Qf7 33. g4 Ne3 34. Bxe3 Bxe3 35. fxg5 Bxg5 36. Qc2 Rc8 37. Qb2 Qc7+ 38. Kg1 Be3+ 39. Kg2 Qc2+ 40. Qxc2 Rxc2+ 41. Kf3 Bg5 0-1

[Event "American Continental Blitz 18th"]
[Site "Medellin"]
[Date "2024.05.29"]
[Round "9"]
[White "Perez Tangarife, Simon"]
[Black "Francisco Guecamburu, Candela Be"]
[Result "0-1"]
[WhiteElo "1755"]
[BlackElo "2292"]
[PlyCount "79"]
[EventDate "2024.05.29"]
[EventType "swiss (blitz)"]
[EventRounds "9"]
[EventCountry "COL"]
[SourceTitle "CBM 220 Extra"]
[Source "ChessBase"]
[SourceDate "2024.07.31"]
[SourceVersion "1"]
[SourceVersionDate "2024.07.31"]
[SourceQuality "1"]

1. c4 c5 2. Nc3 Nc6 3. g3 g6 4. Bg2 Bg7 5. Nf3 d6 6. 0-0 e5 7. e3 Nge7 8. d4 cxd4 9. exd4 Bg4 10. dxe5 dxe5 11. h3 Be6 12. Qe2 0-0 13. Ng5 Nd4 14. Qd3 Bf5 15. Qd1 Qc8 16. g4 Bd7 17. b3 Bc6 18. Bb2 h6 19. Nge4 Qc7 20. Ng3 Rad8 21. Qc1 f5 22. Nce2 f4 23. Nxd4 exd4 24. Bxc6 Qxc6 25. Ne2 Qf3 26. Re1 Qxh3 27. Nxf4 Qxg4+ 28. Ng2 Nf5 29. Qf4 Qxf4 30. Nxf4 Nh4 31. Re4 Rfe8 32. Rxe8+ Rxe8 33. Rd1 g5 34. Nd5 Re2 35. Ba3 Rxa2 36. Bc5 b6 37. Bd6 Kf7 38. Kf1 Nf3 39. Rd3 g4 40. Kg2 0-1

[Event "American Continental Blitz 18th"]
[Site "Medellin"]
[Date "2024.05.29"]
[Round "5"]
[White "Perez Tangarife, Simon"]
[Black "Lopez Giraldo, Maria Camila"]
[Result "1-0"]
[WhiteElo "1755"]
[BlackElo "1827"]
[PlyCount "61"]
[EventDate "2024.05.29"]
[EventType "swiss (blitz)"]
[EventRounds "9"]
[EventCountry "COL"]
[SourceTitle "CBM 220 Extra"]
[Source "ChessBase"]
[SourceDate "2024.07.31"]
[SourceVersion "1"]
[SourceVersionDate "2024.07.31"]
[SourceQuality "1"]

1. c4 e5 2. Nc3 Nc6 3. Nf3 Bb4 4. Nd5 a5 5. a3 Bc5 6. Nxe5 Nxe5 7. d4 Bd6 8. dxe5 Bxe5 9. e4 g6 10. Be2 d6 11. 0-0 Ne7 12. f4 Bg7 13. f5 Nxd5 14. cxd5 0-0 15. Qc2 Re8 16. fxg6 fxg6 17. Bd2 Bd4+ 18. Kh1 Qe7 19. Bd3 b6 20. Rac1 Ra7 21. Rf3 Bg4 22. Rf4 Bc8 23. Rcf1 Be5 24. R4f2 Bg7 25. Bc3 Rf8 26. Rxf8+ Bxf8 27. e5 dxe5 28. Bc4 Kh8 29. d6 Qxd6 30. Qe4 Be6 31. Bxe5+ 1-0

[Event "American Continental Blitz 18th"]
[Site "Medellin"]
[Date "2024.05.29"]
[Round "4"]
[White "Ticona Rocabado, Licael Roderick"]
[Black "Perez Tangarife, Simon"]
[Result "1-0"]
[WhiteElo "2360"]
[BlackElo "1755"]
[PlyCount "113"]
[EventDate "2024.05.29"]
[EventType "swiss (blitz)"]
[EventRounds "9"]
[EventCountry "COL"]
[SourceTitle "CBM 220 Extra"]
[Source "ChessBase"]
[SourceDate "2024.07.31"]
[SourceVersion "1"]
[SourceVersionDate "2024.07.31"]
[SourceQuality "1"]

1. d4 Nf6 2. c4 e6 3. e3 d5 4. Nf3 Bb4+ 5. Nbd2 0-0 6. a3 Bxd2+ 7. Qxd2 b6 8. Bd3 dxc4 9. Bxc4 Bb7 10. Qe2 Nbd7 11. 0-0 Ne4 12. Nd2 Nxd2 13. Bxd2 c5 14. dxc5 Nxc5 15. Bb4 Qg5 16. f3 Rfd8 17. Rfd1 Rac8 18. Rac1 Qh5 19. e4 h6 20. Bc3 Rd7 21. Bb5 Rdc7 22. Rc2 a6 23. Bc4 b5 24. Ba2 Na4 25. Qe3 Nxc3 26. Rxc3 Rxc3 27. bxc3 Qe5 28. Rd4 Qc5 29. Rd8+ Kh7 30. Qxc5 Rxc5 31. Rd3 Rc7 32. Kf2 Kg6 33. Ke3 Kf6 34. c4 Bc8 35. cxb5 axb5 36. Kd2 Ra7 37. Bb1 Ke5 38. g3 g5 39. Rb3 Rd7+ 40. Ke3 Rb7 41. Bd3 Bd7 42. a4 b4 43. a5 Ra7 44. a6 Bc8 45. Rxb4 h5 46. Rb6 g4 47. f4+ Kf6 48. e5+ Kg7 49. Rc6 Bd7 50. Rd6 Bc8 51. Kd4 Rc7 52. Bb5 Rc1 53. Bc4 Rd1+ 54. Kc5 Rc1 55. Rc6 Bd7 56. Rc7 Ba4 57. a7 1-0

[Event "American Continental Blitz 18th"]
[Site "Medellin"]
[Date "2024.05.29"]
[Round "6"]
[White "Valencia Quinchia, Isabella"]
[Black "Perez Tangarife, Simon"]
[Result "1/2-1/2"]
[WhiteElo "1827"]
[BlackElo "1755"]
[PlyCount "138"]
[EventDate "2024.05.29"]
[EventType "swiss (blitz)"]
[EventRounds "9"]
[EventCountry "COL"]
[SourceTitle "CBM 220 Extra"]
[Source "ChessBase"]
[SourceDate "2024.07.31"]
[SourceVersion "1"]
[SourceVersionDate "2024.07.31"]
[SourceQuality "1"]

1. e4 Nf6 2. e5 Nd5 3. d4 d6 4. c4 Nb6 5. exd6 cxd6 6. Nc3 g6 7. Be3 Bg7 8. Be2 0-0 9. h3 e5 10. dxe5 dxe5 11. Nf3 h6 12. 0-0 Nc6 13. Qc1 Kh7 14. Rd1 Qe7 15. Ne4 f5 16. Bc5 Qe8 17. Bxf8 Qxf8 18. Nd6 e4 19. Nh2 Nd4 20. Rxd4 Bxd4 21. Nxc8 Rxc8 22. Qd2 Qf6 23. a4 Bxb2 24. Rb1 Bc3 25. Rxb6 axb6 26. Qd7+ Qg7 27. Qxc8 Bd4 28. Nf1 Bc5 29. Ne3 Qc3 30. Qxb7+ Kg8 31. Qd5+ Kg7 32. Bf1 Bxe3 33. fxe3 Qxe3+ 34. Kh1 Qe1 35. Qd4+ Kf7 36. Qg1 e3 37. Bd3 Qd2 38. Qf1 Kf6 39. g4 Ke5 40. gxf5 gxf5 41. Qxf5+ Kd4 42. Bf1 Qe1 43. Qg4+ Kc5 44. Qe2 Qc3 45. Kg2 Kd4 46. Kf3 Qa3 47. Kg3 Qd6+ 48. Kg2 Qc6+ 49. Kg1 Qxa4 50. Qd3+ Kc5 51. Qxe3+ Kb4 52. Qxb6+ Kc3 53. Qe3+ Kb4 54. Qxh6 Qd1 55. Qb6+ Kc3 56. Qe3+ Kb4 57. Qe2 Qd6 58. h4 Qg3+ 59. Qg2 Qxh4 60. Qd2+ Kc5 61. Qa5+ Kd4 62. Qd5+ Kc3 63. c5 Qg3+ 64. Bg2 Qe1+ 65. Kh2 Qh4+ 66. Kg1 Qe1+ 67. Kh2 Qh4+ 68. Bh3 Qf2+ 69. Qg2 Qxc5 1/2-1/2

[Event "American Continental 18th"]
[Site "Medellin"]
[Date "2024.05.27"]
[Round "6"]
[White "Perez Tangarife, Simon"]
[Black "Dominguez Rincon, Miller Duvan"]
[Result "0-1"]
[WhiteElo "1755"]
[BlackElo "2003"]
[PlyCount "56"]
[EventDate "2024.05.24"]
[EventType "swiss"]
[EventRounds "11"]
[EventCountry "COL"]
[SourceTitle "CBM 220 Extra"]
[Source "ChessBase"]
[SourceDate "2024.07.31"]
[SourceVersion "1"]
[SourceVersionDate "2024.07.31"]
[SourceQuality "1"]

1. c4 Nf6 2. Nc3 e5 3. Nf3 Nc6 4. e4 Bc5 5. Nxe5 Nxe5 6. d4 Bb4 7. dxe5 Nxe4 8. Qf3 Nxc3 9. bxc3 Bc5 10. Bf4 Qe7 11. 0-0-0 a5 12. Bd3 Ra6 13. h4 Rb6 14. Kc2 Bxf2 15. Qxf2 Qa3 16. Kd2 Rb2+ 17. Ke1 Rxf2 18. Kxf2 0-0 19. Rh3 f6 20. exf6 Rxf6 21. Rf3 d6 22. Kg3 Qxa2 23. Re1 Re6 24. Ref1 Re8 25. Bg5 Be6 26. Be7 g6 27. Bf8 Qa3 28. h5 Qc5 0-1

[Event "Medellin Antioquia-ch"]
[Site "Medellin"]
[Date "2024.05.05"]
[Round "7"]
[White "Ortiz Lopera, Miguel Angel"]
[Black "Perez Tangarife, Simon"]
[Result "1-0"]
[WhiteElo "2026"]
[BlackElo "1755"]
[PlyCount "97"]
[EventDate "2024.05.01"]
[EventType "swiss"]
[EventRounds "7"]
[EventCountry "COL"]
[SourceTitle "CBM 220 Extra"]
[Source "ChessBase"]
[SourceDate "2024.07.31"]
[SourceVersion "1"]
[SourceVersionDate "2024.07.31"]
[SourceQuality "1"]

1. e4 e6 2. d4 d5 3. Nc3 dxe4 4. Nxe4 Nd7 5. Nf3 Ngf6 6. Nxf6+ Nxf6 7. Be2 c5 8. 0-0 cxd4 9. Nxd4 Be7 10. c4 0-0 11. Be3 e5 12. Nb5 a6 13. Qxd8 Bxd8 14. Nd6 Be7 15. Nxc8 Raxc8 16. Rad1 Bc5 17. Bxc5 Rxc5 18. Rd6 Rfc8 19. Rfd1 Kf8 20. Rb6 R8c7 21. b4 R5c6 22. Rxc6 Rxc6 23. c5 Ke7 24. g3 a5 25. a3 axb4 26. axb4 b6 27. Bb5 Rc7 28. c6 Ne4 29. Rc1 Nd6 30. Bf1 b5 31. Rc5 Ke6 32. f3 f5 33. f4 e4 34. Kf2 g6 35. Ke3 Nc8 36. Bxb5 Na7 37. Ba4 Kd6 38. Ra5 Nxc6 39. Ra6 Kd7 40. h3 h6 41. g4 h5 42. g5 h4 43. Kd2 Rc8 44. Kc3 Rc7 45. Kc4 Rc8 46. Kd5 Ke7 47. Bxc6 Rb8 48. Ra7+ Kf8 49. b5 1-0